[Event "Sautron op 18th"]
[Site "Sautron "]
[Date "2018.10.20"]
[Round "1.16"]
[White "Metaireau, Patrice"]
[Black "Le Goff, Ronan"]
[Result "0-1"]
[WhiteElo "1502"]
[BlackElo "2327"]
[PlyCount "62"]
[EventDate "2018.10.20"]
[EventType "swiss"]
[EventRounds "9"]
[EventCountry "FRA"]
[SourceTitle "EXT 2021"]
[Source "ChessBase"]
[SourceDate "2020.10.23"]
[SourceVersion "1"]
[SourceVersionDate "2020.10.23"]
[SourceQuality "1"]

1. e4 e5 2. f4 exf4 3. Nf3 d5 4. exd5 Nf6 5. d4 Nxd5 6. Bd3 Qe7+ 7. Be2 Ne3 8. Bxe3 Qxe3 9. Nc3 Bb4 10. Qd3 0-0 11. Qxe3 fxe3 12. 0-0 Bxc3 13. bxc3 Bf5 14. Rac1 Nd7 15. Nh4 Be6 16. c4 c6 17. Bd3 Nb6 18. c5 Nd5 19. c4 Nb4 20. Bb1 Rad8 21. a3 Na6 22. Nf3 Bg4 23. Ng5 h6 24. Rf4 hxg5 25. Rxg4 Nc7 26. Rxg5 Rxd4 27. Rh5 g6 28. Rh3 Re8 29. Kf1 Na6 30. Re1 e2+ 31. Kf2 Rd1 0-1